Situación económica de Costa Rica

Salvato in:
Dettagli Bibliografici
Natura: testo
Tags: Aggiungi Tag
Nessun Tag, puoi essere il primo ad aggiungerne!!

MARC

LEADER 00000 a a2200000 04500
001 39957
003
040
245 |a Situación económica de Costa Rica  
773 |g volumen 4, número15 ( julio-octubre, 1986)  
999 |c 29146  |d 29146